Zákon o životnom prostredí.

Zákon o životnom prostredí (schválený FZ 5. decembra 1991) ako základná ekologická právna norma. Vytváranie nového odvetvia práva - práva životného prostredia. Charakteristika obsahu jednotlivých častí zákona.

Gespeichert in:
Bibliographische Detailangaben
1. Verfasser: Dvořák, Petr
Format: Buchkapitel
Sprache:Slowakisch
Schlagworte:
Tags: Tag hinzufügen
Keine Tags, Fügen Sie das erste Tag hinzu!

MARC

LEADER 00000naa a2200000 4500
001 r008035
005 20220831085703.5
041 0 |a slo 
044 |a [CS] 
245 1 0 |a Zákon o životnom prostredí.  |c P. Dvořák 
520 |a Zákon o životnom prostredí (schválený FZ 5. decembra 1991) ako základná ekologická právna norma. Vytváranie nového odvetvia práva - práva životného prostredia. Charakteristika obsahu jednotlivých častí zákona. 
610 2 0 |a prostredie životné 
610 2 0 |a 1991 
610 2 0 |a zákony 
610 2 0 |a ČSFR 
100 1 |a Dvořák, Petr